[Event "TCh-FRA Top 12 2016"]
[Site "Drancy FRA"]
[Date "2016.06.05"]
[Round "9.2"]
[Board "3"]
[White "Heimann, Andreas"]
[Black "David, Alberto"]
[Result "1/2-1/2"]
[WhiteTitle "IM"]
[BlackTitle "GM"]
[WhiteElo "2578"]
[BlackElo "2571"]
[WhiteTeam "MULHOUSE Philidor"]
[BlackTeam "Les Tours de Haute Picardie, SAINT QUENTIN"]
[WhiteFideId "24624632"]
[BlackFideId "4000013"]
[EventDate "2016.05.28"]

1. e4 c6 2. d4 d5 3. e5 Bf5 4. Nf3 e6 5. Be2 h6 6. O-O Ne7 7. Nbd2 Nd7 8. Nb3 g5
9. Ne1 Qc7 10. Bd2 c5 11. Nxc5 Nxc5 12. dxc5 Qxc5 13. c4 Bg7 14. cxd5 Qxd5 15.
Qa4+ Nc6 16. Bf3 Qd7 17. Rd1 Nxe5 18. Qxd7+ Kxd7 19. Bxb7 Rab8 20. Nf3 Nd3 21.
Ba6 Ke7 22. b3 Nb4 23. Bxb4+ Rxb4 24. Bc4 Be4 25. Rfe1 Bxf3 26. gxf3 Rd8 27.
Rxd8 Kxd8 28. Kg2 Rb6 29. Rd1+ Ke7 30. h3 Be5 31. Kf1 Bd6 32. Ke2 Rc6 33. h4 Rc5
34. Rh1 Re5+ 35. Kf1 Bb4 36. hxg5 hxg5 37. Kg2 a5 38. Rd1 Bd6 39. Rh1 Bb4 40.
Rh5 Kf6 41. f4 gxf4 42. Rxe5 Kxe5 43. Kf3 Ba3 1/2-1/2

[Event "TCh-FRA Top 12 2016"]
[Site "Drancy FRA"]
[Date "2016.06.05"]
[Round "9.2"]
[Board "4"]
[White "Marcelin, Cyril"]
[Black "Istratescu, Andrei"]
[Result "1/2-1/2"]
[WhiteTitle "GM"]
[BlackTitle "GM"]
[WhiteElo "2477"]
[BlackElo "2592"]
[WhiteTeam "Les Tours de Haute Picardie, SAINT QUENTIN"]
[BlackTeam "MULHOUSE Philidor"]
[WhiteFideId "607274"]
[BlackFideId "1200372"]
[EventDate "2016.05.28"]

1. d4 Nf6 2. Nf3 g6 3. c3 Bg7 4. Bf4 d6 5. h3 O-O 6. Nbd2 c5 7. dxc5 dxc5 8. e4
Nc6 9. Bb5 Qb6 10. a4 Na5 11. Qe2 a6 12. Nc4 Nxc4 13. Bxc4 Be6 14. Bxe6 Qxe6 15.
Be5 Nh5 16. Bh2 Bh6 17. O-O Rfd8 18. Rfd1 Qb3 19. Rd5 Rxd5 20. exd5 Qxd5 21.
Qxe7 Bf8 22. Qe2 Rd8 23. c4 Qd3 24. Re1 Ng7 25. Qxd3 Rxd3 26. Re3 Rd1+ 27. Re1
Rd7 28. Kf1 Ne6 29. Be5 Bg7 30. g3 h6 31. Re3 Rd1+ 32. Ke2 Rc1 33. Bxg7 Kxg7 34.
b3 Rc2+ 35. Kf1 Rb2 36. h4 a5 37. Rd3 Kf6 38. Ke1 Rb1+ 39. Ke2 Nd4+ 40. Nxd4
cxd4 41. Rxd4 Rb2+ 42. Rd2 Rxb3 43. Rd5 Rb2+ 44. Ke3 Rb3+ 45. Ke2 Rb2+ 46. Ke3
Rb4 47. Rxa5 Rxc4 48. Rb5 Rxa4 49. Rxb7 h5 1/2-1/2

[Event "TCh-FRA Top 12 2016"]
[Site "Drancy FRA"]
[Date "2016.06.05"]
[Round "9.2"]
[Board "5"]
[White "Riff, Jean-Noel"]
[Black "Degraeve, Jean-Marc"]
[Result "1/2-1/2"]
[WhiteTitle "GM"]
[BlackTitle "GM"]
[WhiteElo "2506"]
[BlackElo "2561"]
[WhiteTeam "MULHOUSE Philidor"]
[BlackTeam "Les Tours de Haute Picardie, SAINT QUENTIN"]
[WhiteFideId "611190"]
[BlackFideId "600270"]
[EventDate "2016.05.28"]

1. e4 e5 2. Nf3 Nc6 3. Bb5 Bc5 4. O-O Nd4 5. Nxd4 Bxd4 6. c3 Bb6 7. d4 c6 8. Ba4
d6 9. Na3 exd4 10. cxd4 Ne7 11. Nc4 O-O 12. d5 cxd5 13. Nxb6 axb6 14. exd5 Nxd5
15. Qxd5 Rxa4 16. Rd1 Be6 17. Qxd6 Qxd6 18. Rxd6 Rxa2 19. Rxa2 Bxa2 20. Be3 1/2-1/2

[Event "TCh-FRA Top 12 2016"]
[Site "Drancy FRA"]
[Date "2016.06.05"]
[Round "9.2"]
[Board "6"]
[White "Grafl, Florian"]
[Black "Ider, Borya"]
[Result "0-1"]
[WhiteTitle "IM"]
[BlackTitle "IM"]
[WhiteElo "2396"]
[BlackElo "2430"]
[WhiteTeam "Les Tours de Haute Picardie, SAINT QUENTIN"]
[BlackTeam "MULHOUSE Philidor"]
[WhiteFideId "4645715"]
[BlackFideId "4901134"]
[EventDate "2016.05.28"]

1. e4 e6 2. b3 d5 3. Bb2 dxe4 4. Nc3 Nf6 5. Qe2 Be7 6. Nxe4 O-O 7. Nf3 b6 8.
O-O-O Bb7 9. Nxf6+ Bxf6 10. d4 a5 11. a4 Na6 12. Ne5 Qe7 13. Qg4 Nb4 14. Bc4 c6
15. Rhe1 b5 16. axb5 cxb5 17. Bxb5 Rfc8 18. c4 a4 19. Bxa4 Rxa4 20. bxa4 Qe8 21.
Kd2 Qxa4 22. Ke2 Nc2 23. Kf1 Nxe1 24. Rxe1 Bxe5 25. dxe5 Rxc4 26. Qd1 Qa8 27. f3
Bd5 28. Kg1 Qa5 0-1

[Event "TCh-FRA Top 12 2016"]
[Site "Drancy FRA"]
[Date "2016.06.05"]
[Round "9.2"]
[Board "7"]
[White "Sokolov, Andrei1"]
[Black "Lazarev, Vladimir"]
[Result "1/2-1/2"]
[WhiteTitle "GM"]
[BlackTitle "GM"]
[WhiteElo "2528"]
[BlackElo "2378"]
[WhiteTeam "MULHOUSE Philidor"]
[BlackTeam "Les Tours de Haute Picardie, SAINT QUENTIN"]
[WhiteFideId "627089"]
[BlackFideId "4113250"]
[EventDate "2016.05.28"]

1. e4 c5 2. Nf3 e6 3. d4 cxd4 4. Nxd4 a6 5. Bd3 Ne7 6. O-O Nec6 7. Nb3 Be7 8.
Nc3 d6 9. f4 b5 10. a4 b4 11. Ne2 Nd7 12. Be3 1/2-1/2

[Event "TCh-FRA Top 12 2016"]
[Site "Drancy FRA"]
[Date "2016.06.05"]
[Round "9.2"]
[Board "8"]
[White "Leconte, Maria"]
[Black "Neuhauser, Salome"]
[Result "0-1"]
[WhiteTitle "WGM"]
[WhiteElo "2217"]
[BlackElo "2082"]
[WhiteTeam "Les Tours de Haute Picardie, SAINT QUENTIN"]
[BlackTeam "MULHOUSE Philidor"]
[WhiteFideId "618446"]
[BlackFideId "662461"]
[EventDate "2016.05.28"]

1. e4 c5 2. Nf3 Nc6 3. Bb5 g6 4. O-O Bg7 5. Bxc6 dxc6 6. h3 Nf6 7. d3 O-O 8. Nc3
Nd7 9. Be3 e5 10. Qd2 Re8 11. Nh2 Qe7 12. a4 Nf8 13. a5 Ne6 14. Rae1 Rd8 15. b3
b5 16. axb6 axb6 17. Na4 Ra6 18. Ng4 h5 19. Nh2 b5 20. Nb2 Ra2 21. Rb1 Bb7 22.
Nf3 Rda8 23. Ng5 Nd4 24. f4 exf4 25. Bxf4 Bc8 26. Be3 Be6 27. Qf2 Rf8 28. b4
cxb4 29. Bxd4 Bxd4 30. Qxd4 Qxg5 31. Qxb4 Bxh3 32. Rf2 Be6 33. Nd1 Rfa8 34. Qd4
c5 35. Qe3 Qxe3 36. Nxe3 b4 37. Nd5 Ra1 38. Rxa1 Rxa1+ 39. Kh2 Bxd5 40. exd5 Ra6
41. Kg3 Rd6 42. Kf4 Rxd5 43. Ke4 Rg5 44. Re2 f6 45. Kf4 Kf7 46. Rd2 Rf5+ 47. Kg3
g5 48. Rd1 Ke6 49. c3 bxc3 50. Rc1 Kd5 51. Rxc3 Kd4 52. Ra3 h4+ 53. Kh2 Rf1 54.
Rb3 f5 55. Ra3 g4 56. g3 hxg3+ 57. Kg2 Rf3 0-1

[Event "TCh-FRA Top 12 2016"]
[Site "Drancy FRA"]
[Date "2016.06.05"]
[Round "9.3"]
[Board "1"]
[White "Krasenkow, Michal"]
[Black "Relange, Eloi"]
[Result "1-0"]
[WhiteTitle "GM"]
[BlackTitle "GM"]
[WhiteElo "2610"]
[BlackElo "2464"]
[WhiteTeam "L'Echiquier Chalonnais, CHALONS-EN-CHAMPAGNE"]
[BlackTeam "EVRY Grand Roque"]
[WhiteFideId "1113100"]
[BlackFideId "600822"]
[EventDate "2016.05.28"]

1. Nf3 Nf6 2. d4 c5 3. d5 e6 4. c4 exd5 5. cxd5 g6 6. Nc3 d6 7. h3 Bg7 8. e4 O-O
9. Bd3 b5 10. Nxb5 Re8 11. O-O Nxe4 12. Re1 a6 13. Qa4 Nd7 14. Rxe4 Rxe4 15.
Qxe4 axb5 16. Bxb5 Nf6 17. Qd3 Qb6 18. a4 Ba6 19. Ra3 Bxb5 20. axb5 Qb7 21. Ra6
Nxd5 22. Rxd6 Nb6 23. Rd8+ Bf8 24. Bf4 Kg7 25. Qd2 1-0

[Event "TCh-FRA Top 12 2016"]
[Site "Drancy FRA"]
[Date "2016.06.05"]
[Round "9.3"]
[Board "2"]
[White "Hauchard, Arnaud"]
[Black "Salgado Lopez, Ivan"]
[Result "0-1"]
[WhiteTitle "GM"]
[BlackTitle "GM"]
[WhiteElo "2544"]
[BlackElo "2618"]
[WhiteTeam "EVRY Grand Roque"]
[BlackTeam "L'Echiquier Chalonnais, CHALONS-EN-CHAMPAGNE"]
[WhiteFideId "600113"]
[BlackFideId "2257327"]
[EventDate "2016.05.28"]

1. g3 c5 2. Bg2 Nc6 3. c4 g6 4. Nc3 Bg7 5. Nf3 d6 6. O-O Bf5 7. d3 Qd7 8. Rb1
Bh3 9. Bxh3 Qxh3 10. e4 Qd7 11. Bd2 e6 12. a3 Nge7 13. b4 O-O 14. b5 Nd8 15. Qc1
f5 16. Kg2 Nf7 17. Ng5 d5 18. exd5 exd5 19. Nxf7 Rxf7 20. Ne2 Re8 21. Re1 Nc8
22. Nf4 Rxe1 23. Bxe1 Nb6 24. Ba5 Bh6 25. Bxb6 axb6 26. Qe3 Re7 27. Qf3 Bxf4 28.
Qxf4 dxc4 29. dxc4 Re4 30. Qb8+ Kg7 31. Rb3 Rxc4 32. Qe5+ Kh6 33. Re3 Rd4 34.
Qf6 Qd5+ 35. f3 Qa2+ 36. Kh3 Qf2 37. Qf8+ Kh5 38. g4+ Rxg4 0-1

[Event "TCh-FRA Top 12 2016"]
[Site "Drancy FRA"]
[Date "2016.06.05"]
[Round "9.3"]
[Board "4"]
[White "Milliet, Sophie"]
[Black "Cossin, Sebastien"]
[Result "1/2-1/2"]
[WhiteTitle "IM"]
[BlackTitle "IM"]
[WhiteElo "2346"]
[BlackElo "2514"]
[WhiteTeam "EVRY Grand Roque"]
[BlackTeam "L'Echiquier Chalonnais, CHALONS-EN-CHAMPAGNE"]
[WhiteFideId "623725"]
[BlackFideId "618802"]
[EventDate "2016.05.28"]

1. e4 c5 2. Nf3 d6 3. Bb5+ Nd7 4. d4 Nf6 5. O-O cxd4 6. Qxd4 e5 7. Qd3 h6 8. Nc3
Be7 9. Be3 O-O 10. Bc4 Nb6 11. Bxb6 Qxb6 12. Nd5 Nxd5 13. Bxd5 Be6 14. Bxe6 fxe6
15. Qb3 1/2-1/2

[Event "TCh-FRA Top 12 2016"]
[Site "Drancy FRA"]
[Date "2016.06.05"]
[Round "9.3"]
[Board "5"]
[White "Favarel, Antoine"]
[Black "Bergez, Luc"]
[Result "1/2-1/2"]
[WhiteTitle "FM"]
[BlackTitle "IM"]
[WhiteElo "2348"]
[BlackElo "2342"]
[WhiteTeam "L'Echiquier Chalonnais, CHALONS-EN-CHAMPAGNE"]
[BlackTeam "EVRY Grand Roque"]
[WhiteFideId "642371"]
[BlackFideId "606600"]
[EventDate "2016.05.28"]

1. d4 Nf6 2. c4 g6 3. g3 Bg7 4. Bg2 O-O 5. Nc3 d6 6. Nf3 Nc6 7. O-O a6 8. b3 Bd7
9. Bb2 Qc8 10. d5 Nd8 11. Qd2 Bh3 12. e4 Bxg2 13. Kxg2 e5 14. c5 Nh5 15. h3 f5
16. cxd6 cxd6 17. Rac1 Nf7 18. Qe2 Qd8 19. Rc2 Rc8 20. exf5 gxf5 21. Nd1 Rxc2
22. Qxc2 Ng5 23. Qe2 f4 24. Nxg5 Qxg5 25. Qg4 Qxg4 26. hxg4 Nf6 27. gxf4 exf4
28. Kf3 Nxd5 29. Re1 Bxb2 30. Nxb2 Nb4 31. Re6 d5 32. Rb6 Nc6 33. Rxb7 Ne5+ 34.
Kg2 Nxg4 35. Nd3 Rc8 36. Rd7 Rc2 37. Kf3 Nf6 38. Rd6 Kg7 39. Nb4 Rxf2+ 40. Kxf2
Ne4+ 41. Kf3 Nxd6 42. Nxa6 Kf6 43. Kxf4 Nb5 44. Nb4 Ke6 45. Nc2 d4 46. a4 d3 47.
Ne3 Nd4 48. a5 Kd7 49. a6 1/2-1/2

[Event "TCh-FRA Top 12 2016"]
[Site "Drancy FRA"]
[Date "2016.06.05"]
[Round "9.3"]
[Board "6"]
[White "Leroy, Didier"]
[Black "Anic, Darko"]
[Result "0-1"]
[WhiteTitle "IM"]
[BlackTitle "GM"]
[WhiteElo "2289"]
[BlackElo "2381"]
[WhiteTeam "EVRY Grand Roque"]
[BlackTeam "L'Echiquier Chalonnais, CHALONS-EN-CHAMPAGNE"]
[WhiteFideId "610950"]
[BlackFideId "602612"]
[EventDate "2016.05.28"]

1. e4 e5 2. Nc3 Nf6 3. f4 d5 4. fxe5 Nxe4 5. Qf3 Nxc3 6. dxc3 c6 7. Qg3 Qb6 8.
Rb1 Be6 9. Nf3 Nd7 10. Bd3 O-O-O 11. Nd4 g6 12. Nxe6 fxe6 13. Bg5 Re8 14. Kd2
Bg7 15. Bf4 Rhf8 16. Rhf1 c5 17. b3 a6 18. a3 Qc7 19. Rfe1 Rf7 20. Qe3 Rxf4 21.
Qxf4 Nxe5 22. Qa4 Bh6+ 23. Ke2 Nc6 24. Qh4 Qg7 25. Kf1 Bd2 26. Re2 Bxc3 27. Qa4
Kc7 28. Kg1 e5 29. b4 e4 30. Bxa6 bxa6 31. Qxa6 cxb4 32. axb4 Qd4+ 33. Kh1 Qb6
34. Qa2 Qb5 35. Re3 d4 36. Qf7+ Re7 37. Qf4+ Qe5 38. Rxe4 Qxf4 39. Rxf4 Nxb4 40.
Rff1 Nxc2 41. g3 Kc6 0-1

[Event "TCh-FRA Top 12 2016"]
[Site "Drancy FRA"]
[Date "2016.06.05"]
[Round "9.3"]
[Board "7"]
[White "Letreguilly, Olivier"]
[Black "Duquesne, Adrien"]
[Result "1/2-1/2"]
[WhiteTitle "FM"]
[WhiteElo "2306"]
[BlackElo "2180"]
[WhiteTeam "L'Echiquier Chalonnais, CHALONS-EN-CHAMPAGNE"]
[BlackTeam "EVRY Grand Roque"]
[WhiteFideId "600997"]
[BlackFideId "20650582"]
[EventDate "2016.05.28"]

1. e4 c5 2. Nf3 d6 3. d4 cxd4 4. Nxd4 Nf6 5. Nc3 a6 6. Bg5 e6 7. f4 h6 8. Bh4
Qb6 9. Qd2 Qxb2 10. Nb3 Qa3 11. Bxf6 gxf6 12. Be2 h5 13. O-O Nc6 14. Kh1 Bd7 15.
Rab1 Rc8 16. Rf3 b5 17. Rh3 h4 18. Rf1 Na5 19. Nb1 Nxb3 20. cxb3 Qc5 21. Rc3 Qb6
22. Rxc8+ 1/2-1/2

[Event "TCh-FRA Top 12 2016"]
[Site "Drancy FRA"]
[Date "2016.06.05"]
[Round "9.3"]
[Board "8"]
[White "Ben Khelifa, Noomene"]
[Black "De Seroux, Camille"]
[Result "0-1"]
[BlackTitle "WFM"]
[WhiteElo "2066"]
[BlackElo "2085"]
[WhiteTeam "EVRY Grand Roque"]
[BlackTeam "L'Echiquier Chalonnais, CHALONS-EN-CHAMPAGNE"]
[WhiteFideId "641995"]
[BlackFideId "1305620"]
[EventDate "2016.05.28"]

1. d4 Nf6 2. Nc3 d5 3. Bg5 Nbd7 4. f3 c6 5. e4 dxe4 6. fxe4 e5 7. Nf3 Qb6 8.
dxe5 Qxb2 9. Bd2 Ng4 10. Rb1 Qa3 11. e6 fxe6 12. Ng5 Nde5 13. Nb5 Qe7 14. h3 Nf2
15. Kxf2 cxb5 16. Bxb5+ Bd7 17. Qe2 Rc8 18. Be3 a6 19. Bxd7+ Qxd7 20. Rhd1 Qa4
21. Rxb7 Qxa2 22. Rd2 Be7 23. Qh5+ g6 24. Qh6 Bf8 25. Qh4 h6 26. Qf4 Bd6 27.
Rxd6 Rxc2+ 28. Rd2 Rxd2+ 29. Ke1 0-1

[Event "TCh-FRA Top 12 2016"]
[Site "Drancy FRA"]
[Date "2016.06.05"]
[Round "9.4"]
[Board "1"]
[White "Fier, Alexandr"]
[Black "Bacrot, Etienne"]
[Result "1/2-1/2"]
[WhiteTitle "GM"]
[BlackTitle "GM"]
[WhiteElo "2624"]
[BlackElo "2702"]
[WhiteTeam "Echecs Club MONTPELLIER"]
[BlackTeam "BISCHWILLER"]
[WhiteFideId "2107139"]
[BlackFideId "605506"]
[EventDate "2016.05.28"]

1. d4 d5 2. c4 e6 3. Nf3 Nf6 4. Nc3 Be7 5. Bf4 O-O 6. e3 Nbd7 7. a3 c5 8. cxd5
Nxd5 9. Nxd5 exd5 10. dxc5 Nxc5 1/2-1/2

[Event "TCh-FRA Top 12 2016"]
[Site "Drancy FRA"]
[Date "2016.06.05"]
[Round "9.4"]
[Board "2"]
[White "Rodshtein, Maxim"]
[Black "Mista, Aleksander"]
[Result "1/2-1/2"]
[WhiteTitle "GM"]
[BlackTitle "GM"]
[WhiteElo "2689"]
[BlackElo "2593"]
[WhiteTeam "BISCHWILLER"]
[BlackTeam "Echecs Club MONTPELLIER"]
[WhiteFideId "2806851"]
[BlackFideId "1110381"]
[EventDate "2016.05.28"]

1. Nf3 g6 2. e4 c5 3. c4 Bg7 4. d4 cxd4 5. Nxd4 Nc6 6. Be3 Nf6 7. Nc3 O-O 8. Be2
d6 9. O-O Nxd4 10. Bxd4 Bd7 11. Qd2 Bc6 12. f3 a5 13. b3 Nd7 14. Be3 Nc5 15.
Rab1 e6 16. Rfd1 Be5 17. g3 Qe7 18. Rbc1 Rad8 19. Re1 b6 20. Bf1 Qb7 21. Bg5 Rd7
22. Bh6 Bg7 23. Rcd1 Bxh6 24. Qxh6 f5 25. Bh3 fxe4 26. fxe4 Rdd8 27. Qe3 1/2-1/2

[Event "TCh-FRA Top 12 2016"]
[Site "Drancy FRA"]
[Date "2016.06.05"]
[Round "9.4"]
[Board "3"]
[White "Smith, Axel"]
[Black "Naiditsch, Arkadij"]
[Result "1/2-1/2"]
[WhiteTitle "GM"]
[BlackTitle "GM"]
[WhiteElo "2499"]
[BlackElo "2663"]
[WhiteTeam "Echecs Club MONTPELLIER"]
[BlackTeam "BISCHWILLER"]
[WhiteFideId "1707930"]
[BlackFideId "4650891"]
[EventDate "2016.05.28"]

1. Nf3 Nf6 2. c4 g6 3. g3 Bg7 4. Bg2 O-O 5. O-O d6 6. Nc3 e5 7. d3 c6 8. b4 d5
9. Nxe5 Nfd7 10. f4 Nxe5 11. fxe5 Bxe5 12. d4 Bg7 13. cxd5 cxd5 14. e3 Nc6 15.
b5 Ne7 16. Ba3 Be6 17. Qb3 Re8 18. Bxe7 Qxe7 19. Bxd5 Rac8 20. Bxe6 Qxe6 21.
Qxe6 Rxe6 22. Nd1 Bh6 23. Rf3 Rc2 24. a4 Rd2 25. h4 Re8 26. Kf1 f5 27. Rf2 Rd3
28. Re2 Rc8 29. Kf2 Kf7 30. Kf3 Bg7 31. Kg2 Rb3 32. Kf2 Ke6 33. Rd2 Kd5 34. Raa2
Rb1 35. Ke2 Rbc1 36. Nf2 Bf8 37. Nd3 R1c3 38. Kf3 Bd6 39. Nf4+ Bxf4 40. gxf4 b6
41. a5 Re8 42. Re2 Kc4 43. axb6 axb6 44. Ra7 Kxb5 45. Rxh7 Kc4 46. h5 gxh5 47.
Rf7 Kd3 48. Rxf5 h4 49. Rb5 Rg8 50. Rg5 Rh8 51. Rg1 h3 52. Rh1 b5 53. Reh2 b4
54. Rxh3 Re8 55. Rd1+ Kc4 56. Kg4 b3 57. Rh7 Rcxe3 58. Rc7+ Kb4 59. d5 Rg8+ 60.
Kf5 Rf8+ 61. Kg4 b2 62. d6 Re4 63. Rb7+ Kc3 64. Rf1 Re2 65. f5 Rd2 66. d7 Rd8
67. f6 R8xd7 68. Rxd7 Rxd7 69. Kf5 Rd2 70. Rb1 Rf2+ 71. Ke6 Kc2 72. Rxb2+ Kxb2
73. f7 Rxf7 74. Kxf7 1/2-1/2

[Event "TCh-FRA Top 12 2016"]
[Site "Drancy FRA"]
[Date "2016.06.05"]
[Round "9.4"]
[Board "4"]
[White "Le Roux, Jean-Pierre"]
[Black "Brochet, Philippe"]
[Result "1-0"]
[WhiteTitle "GM"]
[BlackTitle "IM"]
[WhiteElo "2549"]
[BlackElo "2379"]
[WhiteTeam "BISCHWILLER"]
[BlackTeam "Echecs Club MONTPELLIER"]
[WhiteFideId "609404"]
[BlackFideId "602469"]
[EventDate "2016.05.28"]

1. e4 c5 2. Nf3 e6 3. b3 a6 4. Bb2 Nc6 5. c4 Qc7 6. h3 e5 7. Nc3 Nf6 8. Nd5 Nxd5
9. cxd5 Nd4 10. Rc1 Nxf3+ 11. gxf3 Qd6 12. f4 exf4 13. Rg1 b6 14. d4 cxd4 15.
Qxd4 Bb7 16. Be2 f6 17. Bh5+ g6 18. Qxf6 Qxf6 19. Bxf6 Bb4+ 20. Ke2 Rf8 21. Rxg6
hxg6 22. Bxg6+ Rf7 23. Bd4 Rc8 24. Rxc8+ Bxc8 25. Kf3 Bc5 26. Bxc5 bxc5 27. d6
a5 28. h4 Ba6 29. h5 Kf8 30. Bxf7 Kxf7 31. Kxf4 Bd3 32. h6 Kg6 33. e5 Bb5 34.
Kg4 c4 35. e6 dxe6 36. bxc4 Bd7 37. Kf4 Kxh6 38. Ke5 Kg5 39. c5 a4 40. a3 Kg6
41. c6 Bxc6 42. Kxe6 1-0

[Event "TCh-FRA Top 12 2016"]
[Site "Drancy FRA"]
[Date "2016.06.05"]
[Round "9.4"]
[Board "5"]
[White "Flear, Glenn C"]
[Black "Edouard, Romain"]
[Result "1-0"]
[WhiteTitle "GM"]
[BlackTitle "GM"]
[WhiteElo "2452"]
[BlackElo "2641"]
[WhiteTeam "Echecs Club MONTPELLIER"]
[BlackTeam "BISCHWILLER"]
[WhiteFideId "400165"]
[BlackFideId "633429"]
[EventDate "2016.05.28"]

1. d4 e6 2. c4 b6 3. e4 Bb7 4. Bd3 f5 5. exf5 Bb4+ 6. Kf1 Nf6 7. Nf3 O-O 8. a3
Bd6 9. Nc3 exf5 10. c5 Be7 11. Bxf5 Qe8 12. Bg5 Qh5 13. h4 Bxf3 14. Qxf3 Qxf3
15. gxf3 bxc5 16. d5 Bd6 17. Re1 Nh5 18. Bg4 Nf4 19. Nb5 Nxd5 20. Nxd6 cxd6 21.
Rd1 Nf6 22. Rxd6 Nc6 23. Bxf6 Rxf6 24. Rxf6 gxf6 25. Bxd7 Nd4 26. Kg2 Kf7 27.
Rc1 Rg8+ 28. Kf1 Rd8 29. Ba4 Rc8 30. Rc3 Ke7 31. Bc2 h6 32. Bd3 Kd6 33. b4 Rc7
34. bxc5+ Rxc5 35. Rxc5 Kxc5 36. Kg2 a5 37. Kg3 Nb5 38. Bxb5 Kxb5 39. Kg4 Ka4
40. Kh5 Kxa3 41. Kxh6 a4 42. h5 Kb4 43. Kg6 a3 44. h6 a2 45. h7 a1=Q 46. h8=Q
Qb1+ 47. Kg7 Kc3 48. Kxf6 Qb6+ 49. Kf5+ Kd2 50. Qe5 Qd8 51. f4 Qh4 52. Ke6 Qh6+
53. Kd5 Qh1+ 54. Kd6 Qh6+ 55. Kc5 Qh2 56. Qe3+ Kd1 57. f5 Qc7+ 58. Kd5 Qd7+ 59.
Ke4 Qh7 60. Qc5 Ke2 61. f4 Qh1+ 62. Ke5 Qh5 63. Qc6 Ke3 64. Qe4+ Kf2 65. Kd6
Qh6+ 66. Kd5 Kg3 67. Qe5 Qf8 68. f6 Qa8+ 69. Kd6 Qd8+ 70. Kc6 Qc8+ 71. Kb5 Qb7+
72. Kc4 Qa6+ 73. Kb3 Qb7+ 74. Kc2 Kg4 75. Qe6+ Kxf4 76. f7 Qg2+ 77. Kc3 Qf3+ 78.
Kc4 Qf1+ 79. Kc5 Qf2+ 80. Kc6 Qc2+ 81. Kd7 Qh7 82. Ke8 Qh5 83. Ke7 Qh7 84. Qf6+
Kg4 85. Qe5 Kh3 86. Ke8 Qg6 87. Qh8+ 1-0

[Event "TCh-FRA Top 12 2016"]
[Site "Drancy FRA"]
[Date "2016.06.05"]
[Round "9.4"]
[Board "6"]
[White "Pelletier, Yannick"]
[Black "Touzane, Olivier"]
[Result "1-0"]
[WhiteTitle "GM"]
[BlackTitle "IM"]
[WhiteElo "2558"]
[BlackElo "2308"]
[WhiteTeam "BISCHWILLER"]
[BlackTeam "Echecs Club MONTPELLIER"]
[WhiteFideId "1301837"]
[BlackFideId "602906"]
[EventDate "2016.05.28"]

1. d4 f5 2. g3 Nf6 3. Bg2 g6 4. c4 Bg7 5. Nf3 d6 6. O-O O-O 7. Nc3 c6 8. Rb1 a5
9. Qb3 Kh8 10. Rd1 Na6 11. d5 cxd5 12. cxd5 Nc5 13. Qa3 Bd7 14. Nd4 Qb6 15. e3
Ng4 16. Nce2 Rfc8 17. Bd2 Qa6 18. Be1 b5 19. b4 axb4 20. Qxb4 Ne4 21. Nc6 Qxa2
22. Qxb5 e6 23. Bxe4 fxe4 24. Nc3 Qa6 25. Qxa6 Rxa6 26. Nb8 Ra8 27. Nxd7 Bxc3
28. Nb6 Bxe1 29. Rxe1 exd5 30. Nxa8 Rxa8 31. Rb7 Rf8 32. Ra1 Nxf2 33. Raa7 Nh3+
34. Kg2 Ng5 35. h4 Ne6 36. Rxh7+ Kg8 37. Rhe7 Rf6 38. g4 Nf8 39. Rg7+ Kh8 40.
Rgf7 Rxf7 41. Rxf7 Kg8 42. Rf6 1-0

[Event "TCh-FRA Top 12 2016"]
[Site "Drancy FRA"]
[Date "2016.06.05"]
[Round "9.4"]
[Board "7"]
[White "Grollemund, Bertrand"]
[Black "Schlosser, Philipp"]
[Result "1-0"]
[BlackTitle "GM"]
[WhiteElo "2189"]
[BlackElo "2539"]
[WhiteTeam "Echecs Club MONTPELLIER"]
[BlackTeam "BISCHWILLER"]
[WhiteFideId "619523"]
[BlackFideId "4600169"]
[EventDate "2016.05.28"]

1. e4 c5 2. Nf3 Nc6 3. Bb5 Nf6 4. Bxc6 dxc6 5. d3 Nd7 6. Bf4 g6 7. Qc1 h6 8. O-O
Bg7 9. h3 Nf8 10. Nbd2 Ne6 11. Be5 Bxe5 12. Nxe5 Nf4 13. Re1 f6 14. Nec4 e5 15.
a3 b5 16. Ne3 Be6 17. Nf3 O-O 18. b4 cxb4 19. axb4 a5 20. bxa5 Rxa5 21. Qd2 Rxa1
22. Rxa1 c5 23. Qa5 c4 24. dxc4 bxc4 25. Qc5 Rf7 26. Ra6 Kg7 27. Kh2 Rc7 28. Qa5
Qe7 29. g3 1-0

[Event "TCh-FRA Top 12 2016"]
[Site "Drancy FRA"]
[Date "2016.06.05"]
[Round "9.4"]
[Board "8"]
[White "Maisuradze, Nino"]
[Black "Haussernot, Cecile"]
[Result "1-0"]
[WhiteTitle "WGM"]
[BlackTitle "WFM"]
[WhiteElo "2239"]
[BlackElo "2087"]
[WhiteTeam "BISCHWILLER"]
[BlackTeam "Echecs Club MONTPELLIER"]
[WhiteFideId "13601717"]
[BlackFideId "601632"]
[EventDate "2016.05.28"]

1. d4 e6 2. c4 b6 3. Nc3 Bb7 4. Nf3 f5 5. g3 Nf6 6. Bg2 Bb4 7. O-O O-O 8. Qb3 a5
9. a3 Bxc3 10. Qxc3 d6 11. b3 Nbd7 12. Bb2 b5 13. cxb5 Nb6 14. Nd2 Bxg2 15. Kxg2
a4 16. e3 Ne4 17. Nxe4 fxe4 18. d5 e5 19. Qb4 Nd7 20. Qxe4 Nc5 21. Qc4 axb3 22.
a4 e4 23. Bd4 Nd3 24. Qxb3 Qg5 25. Kg1 Rf3 26. Qc4 Qe7 27. a5 Qf7 28. b6 c5 29.
Bxg7 Kxg7 30. Qxe4 Nxf2 31. Qe6 Qh5 32. a6 Raf8 33. Qe7+ R8f7 34. Qh4 Qf5 35. a7
Ne4 36. Qf4 Rxf4 37. Rxf4 Qe5 38. a8=Q Rxf4 39. gxf4 Qf6 40. Kh1 Nf2+ 41. Kg2
Ng4 42. Kf3 Ne5+ 43. Ke2 Qg6 44. Ra7+ Nf7 45. Kd2 Qg2+ 46. Kc3 Qe4 47. Ra2 c4
48. Qa3 Qxd5 49. Rd2 Qe4 50. Kb2 Qc6 51. Qb4 Kh6 52. Rc2 d5 53. b7 Qf6+ 54. Kb1 1-0

[Event "TCh-FRA Top 12 2016"]
[Site "Drancy FRA"]
[Date "2016.06.05"]
[Round "9.5"]
[Board "1"]
[White "Gharamian, Tigran"]
[Black "Duda, Jan-Krzysztof"]
[Result "1/2-1/2"]
[WhiteTitle "GM"]
[BlackTitle "GM"]
[WhiteElo "2627"]
[BlackElo "2666"]
[WhiteTeam "NICE Alekhine"]
[BlackTeam "C.E. de BOIS COLOMBES"]
[WhiteFideId "13301527"]
[BlackFideId "1170546"]
[EventDate "2016.05.28"]

1. e4 c5 2. Nf3 d6 3. Bb5+ Nd7 4. O-O a6 5. Bd3 g6 6. c3 Bg7 7. Bc2 Ne5 8. Nxe5
dxe5 9. a4 b6 10. Na3 Qc7 11. Qe2 Nf6 12. Rb1 O-O 13. b4 Be6 14. bxc5 bxc5 15.
Nc4 Bxc4 16. Qxc4 Rfc8 17. Ba3 Ne8 18. Rb2 Nd6 19. Qe2 e6 20. Rfb1 h5 21. h4 Bf8
22. g3 Rd8 23. Kg2 Ra7 24. c4 Rb7 25. d3 Rdb8 26. Rxb7 Rxb7 27. Rxb7 Nxb7 28. g4 1/2-1/2